| 000 | 00747cab a2200229 4500 | ||
|---|---|---|---|
| 001 | ABS57346 | ||
| 008 | 090401t1997 xxu||||| |||| 00| 0 eng d | ||
| 035 | _a(Sirsi) u79851 | ||
| 041 | _aeng | ||
| 245 | _aControls over farm buildings | ||
| 260 | _c1997 | ||
| 350 | _a0 | ||
| 490 |
_aFarm Law _v(20) April 1997, 6-8(3) |
||
| 520 | _aReproduces details of the limits to permitted agricultural development as set out in the Town and Country Planning (GDO) Order 1995 schedule 2(6). | ||
| 650 | _aAGRICULTURAL DEVELOPMENT | ||
| 650 | _aFARM BUILDINGS | ||
| 650 | _aPERMITTED DEVELOPMENT | ||
| 650 | _aTOWN AND COUNTRY PLANNING (GPD) ORDER 1995 SCHEDULE 2(6) | ||
| 690 | _aPLANNING LAW AND PRACTICE | ||
| 942 | _n0 | ||
| 948 | _c24/07/1997 | ||
| 999 |
_c50245 _d50245 |
||